[Event "XII. Karnevalsopen"]
[Site "Solingen"]
[Date "2023.02.19"]
[Round "5.25"]
[White "Schuricht, Paul Alexander"]
[Black "Neumair, Dorian"]
[Result "1/2-1/2"]
[WhiteElo "1535"]
[BlackElo "1328"]
[PlyCount "30"]
[EventDate "2023.??.??"]
[EventType "swiss"]
[EventRounds "5"]
[EventCountry "GER"]

1. e4 e5 2. Nc3 Nf6 3. f4 d6 4. Nf3 Nbd7 5. Bc4 Be7 6. d3 O-O 7. f5 h6 8. h3 Nh5 9. h4 Ndf6 10. Be3 c6 11. Bb3 Kh7 12. Qd2 d5 13. Bf2 d4 14. Ne2 Ng4 15. Ng3 Nf4 1/2-1/2

[Event "XII. Karnevalsopen"]
[Site "Solingen"]
[Date "2023.02.19"]
[Round "5.26"]
[White "Guelcan, Batuhan Ege"]
[Black "Fetahovic, Sarah"]
[Result "1-0"]
[WhiteElo "1525"]
[BlackElo "1342"]
[PlyCount "165"]
[EventDate "2023.??.??"]
[EventType "swiss"]
[EventRounds "5"]
[EventCountry "GER"]

{[%evp 0,30,44,44,34,23,28,-15,42,27,52,42,69,12,26,-15,19,-37,33,-33,-33,-56,-56,-56,16,10,23,-16,-21,-5,-18,-24,-16]} 1. d4 d5 2. c4 e6 3. Nc3 Nf6 4. cxd5 exd5 5. Bg5 Be7 6. e3 c6 7. Bd3 O-O 8. h3 Nbd7 9. Nf3 Re8 10. Nd2 Nf8 11. Qc2 Ng6 12. h4 Nh5 13. Bxe7 Qxe7 14. Be2 Nf6 15. h5 Nf8 16. h6 Ne6 17. hxg7 Ng5 18. O-O-O Nge4 19. Ncxe4 dxe4 20. Rh2 Bf5 21. Rdh1 Rac8 22. Nb3 c5 23. dxc5 Nd7 24. Kb1 Nxc5 25. Nxc5 Qxc5 26. Qxc5 Rxc5 27. Rh5 Rec8 28. g4 Bg6 29. Rxc5 Rxc5 30. Rc1 Rxc1+ 31. Kxc1 Kxg7 32. Kd2 Kf6 33. Kc3 Kg5 34. Kd4 f5 35. gxf5 Kxf5 36. f3 exf3 37. Bxf3 b6 38. b3 Bf7 39. Be4+ Ke6 40. Bxh7 Be8 41. Bg8+ Kd6 42. e4 Bc6 43. e5+ Ke7 44. Bd5 Bd7 45. a4 a5 46. Kc4 Be8 47. Kd4 Bd7 48. Bc4 Bc6 49. Ke3 Bb7 50. Kf4 Bc8 51. Ke4 Bb7+ 52. Kf5 Bf3 53. Kf4 Bg2 54. Ke3 Bh3 55. Kd4 Bg2 56. Kc3 Bc6 57. Bb5 Bf3 58. Kd4 Ke6 59. Bc4+ Ke7 60. Bd5 Bg4 61. Bc4 Bf3 62. Bd5 Bg4 63. Kc4 Bd7 {(=)} 64. Be4 Ke6 65. Kd4 Bc8 66. Bd5+ Ke7 67. Bg8 Bb7 68. Bd5 Bc8 {(=)} 69. Kc3 Bd7 70. Kb2 Be8 71. Ka3 b5 72. axb5 Bxb5 73. Kb2 a4 74. b4 Bd7 75. Bc4 Kd8 76. Ka3 Kc7 77. e6 Be8 78. b5 Kb6 79. Kxa4 Kc5 80. Ka5 Kxc4 81. b6 Bc6 82. e7 Kc5 83. b7 1-0

[Event "XII. Karnevalsopen"]
[Site "Solingen"]
[Date "2023.02.19"]
[Round "5.27"]
[White "Sprenger, Kuno"]
[Black "Kuberczyk, Samuel"]
[Result "0-1"]
[WhiteElo "1430"]
[BlackElo "1269"]
[PlyCount "50"]
[EventDate "2023.??.??"]
[EventType "swiss"]
[EventRounds "5"]
[EventCountry "GER"]

1. d4 d5 2. Nc3 Bf5 3. Bg5 h6 4. Bf4 e6 5. f3 Nf6 6. e3 c5 7. Bd3 Bxd3 8. cxd3 cxd4 9. exd4 Nc6 10. Nge2 Qb6 11. Be5 Nd7 12. f4 f6 13. Ng3 fxe5 14. O-O Bb4 15. Qh5+ Ke7 16. fxe5 Qxd4+ 17. Kh1 Raf8 18. Qg6 Qxe5 19. Rae1 Rxf1+ 20. Rxf1 Rf8 21. Rd1 Qg5 22. Qxg5+ hxg5 23. Nce2 Rf2 24. h3 Bd6 25. Kh2 Rxe2 0-1

[Event "XII. Karnevalsopen"]
[Site "Solingen"]
[Date "2023.02.19"]
[Round "5.28"]
[White "Dhanasekaran Meenambigai, Diya"]
[Black "Reinacher, Detlev"]
[Result "0-1"]
[WhiteElo "1416"]
[BlackElo "1671"]
[PlyCount "124"]
[EventDate "2023.??.??"]
[EventType "swiss"]
[EventRounds "5"]
[EventCountry "GER"]

1. e4 d6 2. d4 g6 3. Nf3 Bg7 4. Nc3 Nf6 5. Bc4 c6 6. O-O O-O 7. h3 Qc7 8. Re1 e5 9. dxe5 dxe5 10. Bd2 b5 11. Bb3 a5 12. a3 Bb7 13. Qc1 Nbd7 14. Bh6 b4 15. Na4 c5 16. Bxg7 Kxg7 17. c3 Rac8 18. Bc2 Bc6 19. c4 Qb7 20. Qe3 b3 21. Qxb3 Qxb3 22. Bxb3 Nxe4 23. Rad1 f6 24. Bc2 Bxa4 25. Bxa4 Nb6 26. Rxe4 Nxa4 27. Rd7+ Rf7 28. Rxf7+ Kxf7 29. b3 Nb6 30. Kf1 Rd8 31. Ke2 Nd7 32. g4 h6 33. h4 Ke6 34. g5 f5 35. Re3 e4 36. gxh6 Kf6 37. Ng5 Ne5 38. f4 Ng4 39. Rh3 Nxh6 40. h5 gxh5 41. Rxh5 Ng4 42. Rh3 e3 43. Nf3 Rb8 44. Ne5 Rxb3 45. Nxg4+ fxg4 46. Rxe3 Rxe3+ 47. Kxe3 Kf5 48. a4 g3 49. Kf3 g2 50. Kxg2 Kxf4 51. Kf2 Ke4 52. Ke2 Kd4 53. Kd2 Kxc4 54. Kc2 Kb4 55. Kb2 Kxa4 56. Ka2 Kb4 57. Kb2 c4 58. Ka1 Kb3 59. Kb1 c3 60. Ka1 a4 61. Kb1 c2+ 62. Kc1 a3 0-1

[Event "XII. Karnevalsopen"]
[Site "Solingen"]
[Date "2023.02.19"]
[Round "5.29"]
[White "Mekus, Manuela"]
[Black "Pernizki, Max"]
[Result "0-1"]
[WhiteElo "1624"]
[BlackElo "1208"]
[PlyCount "60"]
[EventDate "2023.??.??"]
[EventType "swiss"]
[EventRounds "5"]
[EventCountry "GER"]

1. Nf3 Nf6 2. g3 d5 3. Bg2 Bf5 4. d3 e6 5. c3 Bd6 6. Nbd2 O-O 7. O-O Nbd7 8. Re1 Bc5 9. e4 dxe4 10. dxe4 Bg4 11. h3 Bh5 12. e5 Nd5 13. g4 Bg6 14. Ne4 Bxe4 15. Rxe4 Qe8 16. Qc2 f5 17. exf6 Rxf6 18. Bg5 Rf7 19. c4 N5f6 20. Re2 Qe7 21. Ne5 Nxe5 22. Rxe5 Qd6 23. Re2 Qb6 24. Rae1 Re8 25. a3 a5 26. Bd2 Nxg4 27. hxg4 Bxf2+ 28. Rxf2 Qxf2+ 29. Kh1 Rd8 30. Rd1 Rfd7 0-1

[Event "XII. Karnevalsopen"]
[Site "Solingen"]
[Date "2023.02.19"]
[Round "5.31"]
[White "Albrecht, Philipp"]
[Black "Huettner, Moritz"]
[Result "1-0"]
[WhiteElo "1437"]
[BlackElo "1187"]
[PlyCount "63"]
[EventDate "2023.??.??"]
[EventType "swiss"]
[EventRounds "5"]
[EventCountry "GER"]

1. d4 c6 2. c4 d5 3. cxd5 cxd5 4. Bf4 Bf5 5. e3 e6 6. Nd2 Bd6 7. Bg3 Nf6 8. Ngf3 Ne4 9. Bb5+ Ke7 10. Rc1 Qa5 11. Qb3 Nxg3 12. hxg3 Nd7 13. O-O Rac8 14. Bxd7 Kxd7 15. Qxb7+ Rc7 16. Rxc7+ Qxc7 17. Qxc7+ Bxc7 18. a3 Rc8 19. Rc1 Bb6 20. Ne5+ Kd8 21. Nxf7+ Kd7 22. Rxc8 Kxc8 23. Nd6+ Kd7 24. Nxf5 exf5 25. b4 a5 26. bxa5 Bxa5 27. Nb3 Bc3 28. Nc5+ Kc6 29. Ne6 g6 30. Nf8 Kb5 31. Nxh7 Ka4 32. Nf6 1-0

[Event "XII. Karnevalsopen"]
[Site "Solingen"]
[Date "2023.02.19"]
[Round "5.32"]
[White "Goerzen, Lina"]
[Black "Balla, Aanand"]
[Result "0-1"]
[WhiteElo "1342"]
[BlackElo "1421"]
[PlyCount "112"]
[EventDate "2023.??.??"]
[EventType "swiss"]
[EventRounds "5"]
[EventCountry "GER"]

1. e4 e5 2. Nf3 Nc6 3. d4 exd4 4. Bc4 d6 5. Nxd4 Ne5 6. Bb3 Nf6 7. Nc3 c5 8. Ba4+ Bd7 9. Bxd7+ Qxd7 10. Nf5 g6 11. f4 Nc6 12. Ne3 Bg7 13. O-O O-O 14. Ned5 Rad8 15. f5 Rde8 16. Qd3 Ne5 17. Qh3 a6 18. Bh6 Neg4 19. Nxf6+ Nxf6 20. Nd5 Qd8 21. Nxf6+ Qxf6 22. fxg6 Qxg6 23. Bxg7 Qxg7 24. Rf4 Kh8 25. c3 Rg8 26. Raf1 Ref8 27. g3 Qg6 28. Qd7 Rg7 29. Qxb7 f5 30. Qxa6 Rgf7 31. e5 dxe5 32. Qxg6 hxg6 33. Rc4 Rb7 34. Rf2 Rc7 35. Rd2 e4 36. Kf2 Re8 37. Ke3 Kg7 38. b4 Rec8 39. Kf4 Kf6 40. Rd6+ Kf7 41. Rd5 cxb4 42. Rxc7+ Rxc7 43. cxb4 Ke6 44. Re5+ Kf6 45. h4 Rc3 46. Rxe4 fxe4 47. Kxe4 Rc4+ 48. Kd3 Rxb4 49. Kc3 Ra4 50. Kb3 Ra8 51. a4 Kf5 52. Kb4 Kg4 53. Kb5 Kxg3 54. h5 gxh5 55. a5 h4 56. Kb6 Rxa5 0-1

[Event "XII. Karnevalsopen"]
[Site "Solingen"]
[Date "2023.02.19"]
[Round "5.33"]
[White "Fodor, Bernhard"]
[Black "Ricken, Harald"]
[Result "1-0"]
[WhiteElo "1307"]
[BlackElo "1349"]
[PlyCount "59"]
[EventDate "2023.??.??"]
[EventType "swiss"]
[EventRounds "5"]
[EventCountry "GER"]

1. f4 d5 2. Nf3 Nf6 3. d3 Bf5 4. Nc3 c6 5. Bd2 Qb6 6. Na4 Qc7 7. g3 Nbd7 8. Bg2 e5 9. fxe5 Nxe5 10. Nxe5 Qxe5 11. Bf4 Qe6 12. O-O Bd6 13. Bxd6 Qxd6 14. Rxf5 O-O 15. e4 dxe4 16. dxe4 Qxd1+ 17. Rxd1 Rfe8 18. Nc3 Ng4 19. Re1 Rad8 20. h3 Ne5 21. Rf2 Nc4 22. Ree2 Nxb2 23. Rd2 Rxd2 24. Rxd2 Nc4 25. Rd7 Rb8 26. Na4 b5 27. Nc5 a5 28. c3 Kf8 29. Ra7 a4 30. Nd7+ 1-0